000 00344nam a2200145Ia 4500
008 260417s2023 xx 000 0 und d
041 _aeng
082 _a612/YAD
_bDI-1086
100 _aDR.A.V.YADAV
245 _aPHARMACOLGY
250 _a2ND ed
260 _aPUNE
_b2023
_bNIRALI PRAKASHAN
300 _aP.B/13.4p
650 _aPHARMACOOGY
999 _c1220397
_d1220397